On some discursive aspects of The Economist articles

Štýl písania článkov v časopise The Economist. Publicistický štýl. Figuratívna reč.

Salvato in:
Dettagli Bibliografici
Autore principale: Biliková, Beáta, 1971-
Natura: Capitolo di libro
Lingua:inglese
Soggetti:
Tags: Aggiungi Tag
Nessun Tag, puoi essere il primo ad aggiungerne!!

MARC

LEADER 00000naa$a2200000$$$4500
001 0164198
005 20240502072848.9
041 0 |a eng 
044 |a SK 
245 1 0 |a On some discursive aspects of The Economist articles  |c Beáta Biliková 
520 |a Štýl písania článkov v časopise The Economist. Publicistický štýl. Figuratívna reč. 
610 2 0 |a články 
610 2 0 |a časopisy 
610 2 0 |a štylistika 
610 2 0 |a slovenčina 
610 2 0 |a angličtina 
610 2 0 |a komunikácia 
610 2 0 |a publicistika 
100 1 |a Biliková, Beáta, 1971-